000 00511nam a2200181Ia 4500
005 20260429112035.0
008 260429s9999||||xx |||||||||||||| ||und||
020 _a9781804890493
041 _aEnglish
082 _a526
_bABE
100 _aAbercrombie, Lascelles
245 0 _aGIS cartography /
_cLascelles Abercrombie
260 _aUnited Kingdom :
_bBrilliant Publication Ltd. ,
_c2024.
300 _aix, 280 p.; hb
650 _a Geographic information systems
650 _aCartography
942 _cTB
999 _c52038
_d52038